Oxford in India readings in sociology and social anthropology : (Record no. 64973)

MARC details
000 -LEADER
fixed length control field 00606nam a22001577a 4500
005 - DATE AND TIME OF LATEST TRANSACTION
control field 2012041309259.0
020 ## - INTERNATIONAL STANDARD BOOK NUMBER
International Standard Book Number 0195644549
Terms of availability 295.00
035 ## - SYSTEM CONTROL NUMBER
System control number A-936279
037 ## - SOURCE OF ACQUISITION
Stock number DPL
Source of stock number/acquisition ENG
245 ## - TITLE STATEMENT
Title Oxford in India readings in sociology and social anthropology :
Remainder of title Social ecology /
Statement of responsibility, etc edited by Ramachandra Guha
260 ## - PUBLICATION, DISTRIBUTION, ETC. (IMPRINT)
Place of publication, distribution, etc Delhi
Name of publisher, distributor, etc Oxford University Press
Date of publication, distribution, etc 1998
300 ## - PHYSICAL DESCRIPTION
Extent 398p.
Dimensions 20 cms.
700 ## - ADDED ENTRY--PERSONAL NAME
Personal name Guha, Ramachandra
9 (RLIN) 45072
942 ## - ADDED ENTRY ELEMENTS (KOHA)
Source of classification or shelving scheme Dewey Decimal Classification
Item type English Books
Classification part 304.2
Call number suffix GUH
Holdings
Withdrawn status Lost status Not for loan Collection code Home library Current library Date acquired Cost, normal purchase price Full call number Barcode Cost, replacement price Koha item type
      Non-fiction Sarojini Nagar Sarojini Nagar 13/04/2012 295.00 304.2 GUH A-936279 295.00 English Books

© Delhi Public Library
Hit Counter
free hit counter